City Starters Adventure Quiz Stats

 Plays Quiz not verified by Sporcle

Challenge
Share
Tweet
Embed
Score 0/15 Timer 04:00
0 Plays Today
Names % Correct
GreenwoodCreamer
89.3%
KenneyJumper
89.3%
SchwartzSaucer
82.1%
SarafStarter
78.6%
AllenProfessor
75%
HimmelsteinBrewer
71.4%
DowneyBaker
64.3%
FosterTroper
64.3%
Names % Correct
MorrisseyCatter
64.3%
LeeThunder
60.7%
MarmoBanger
57.1%
SerpicoBorder
53.6%
EisenPasser
46.4%
McKinstrieBrazzer
39.3%
SauerweinGrinder
28.6%

You're not logged in!

Compare scores with friends on all Sporcle quizzes.
OR
Log In

You Might Also Like...

Show Comments

Extras

Created May 7, 2010ReportNominate
Tags:City Quiz, adventure, starter

Top Quizzes Today


Score Distribution

Your Account Isn't Verified!

In order to create a playlist on Sporcle, you need to verify the email address you used during registration. Go to your Sporcle Settings to finish the process.

Report this User

Report this user for behavior that violates our Community Guidelines.

Details: